[Event "Stuttgart-ch"]
[Site "Stuttgart"]
[Date "1998.??.??"]
[Round "4"]
[White "Cieza Vega, Arcadio"]
[Black "Niemers, Johannes"]
[Result "1-0"]
[WhiteElo "2450"]
[BlackElo "2035"]
[PlyCount "99"]
[EventDate "1998.??.??"]
[EventType "swiss"]
[EventRounds "7"]
[EventCountry "GER"]
[SourceTitle "EXT 2002"]
[Source "ChessBase"]
[SourceDate "2001.11.25"]
[SourceVersion "1"]
[SourceVersionDate "2001.11.25"]
[SourceQuality "1"]

1. e4 e5 2. Nf3 Nc6 3. Bb5 a6 4. Ba4 Nf6 5. 0-0 Nxe4 6. d4 b5 7. Bb3 d5 8. dxe5 Be6 9. c3 Be7 10. Nbd2 Nxd2 11. Bxd2 Na5 12. Nd4 Nxb3 13. axb3 c5 14. Nxe6 fxe6 15. Qg4 Kf7 16. Qh5+ g6 17. Qf3+ Kg7 18. Qh3 Kf7 19. Rae1 Qg8 20. Re3 Ke8 21. c4 Rd8 22. Rd3 dxc4 23. Rxd8+ Bxd8 24. bxc4 Qf7 25. Qa3 Qd7 26. Be3 Qc6 27. cxb5 axb5 28. Bxc5 Bb6 29. Bxb6 Qxb6 30. Qa8+ Qd8 31. Qb7 Rf8 32. Qxh7 Qd4 33. Qxg6+ Ke7 34. Qg5+ Ke8 35. Qh5+ Kd7 36. Qe2 Rf5 37. Re1 b4 38. g4 Rf4 39. h3 Qd5 40. Qe3 Rf3 41. Qe4 Rxh3 42. Qxd5+ exd5 43. Re3 Rh4 44. f3 Ke6 45. Rb3 Kxe5 46. Rxb4 d4 47. Rb5+ Kf4 48. Rh5 Rxh5 49. gxh5 Ke3 50. Kf1 1-0